[Event "Las Americas Team op U2400 Hybrid"]
[Site "Internet"]
[Date "2022.05.14"]
[Round "1.3"]
[White "Dolores Rodriguez, Cristian Yael"]
[Black "Navas Lopez, Leonardo Esteban"]
[Result "1/2-1/2"]
[WhiteElo "1498"]
[BlackElo "1534"]
[PlyCount "74"]
[EventDate "2022.05.14"]
[EventType "team-swiss"]
[EventRounds "5"]
[EventCountry "VEN"]
[SourceTitle "EXT 2023"]
[Source "ChessBase"]
[SourceDate "2022.10.05"]
[SourceVersion "1"]
[SourceVersionDate "2022.10.05"]
[SourceQuality "1"]

1. d4 Nf6 2. c4 g6 3. Nc3 Bg7 4. e4 d6 5. Nf3 0-0 6. Be2 Nc6 7. 0-0 e5 8. d5 Ne7 9. Ne1 Nd7 10. f3 f5 11. g4 Nf6 12. h4 Bd7 13. Be3 Qc8 14. g5 Nh5 15. Kh2 fxe4 16. fxe4 Rxf1 17. Bxf1 Qf8 18. Be2 a6 19. Nd3 Nf4 20. c5 h6 21. Qd2 hxg5 22. hxg5 Kf7 23. Nxf4 Qh8+ 24. Kg1 exf4 25. Rf1 Nf5 26. Bxf4 Qh3 27. exf5 dxc5 28. fxg6+ Kg8 29. Ne4 Bd4+ 30. Nf2 Qh4 31. Kg2 Rf8 32. Bg3 Rxf2+ 33. Rxf2 Qh3+ 34. Kf3 Qg4+ 35. Kg2 Qh3+ 36. Kf3 Qg4+ 37. Kg2 Qh3+ 1/2-1/2

[Event "Las Americas Team op U2400 Hybrid"]
[Site "Internet"]
[Date "2022.05.14"]
[Round "2.5"]
[White "Oropeza Brito, Leycester Eduardo"]
[Black "Dolores Rodriguez, Cristian Yael"]
[Result "0-1"]
[WhiteElo "1661"]
[BlackElo "1498"]
[PlyCount "106"]
[EventDate "2022.05.14"]
[EventType "team-swiss"]
[EventRounds "5"]
[EventCountry "VEN"]
[SourceTitle "EXT 2023"]
[Source "ChessBase"]
[SourceDate "2022.10.05"]
[SourceVersion "1"]
[SourceVersionDate "2022.10.05"]
[SourceQuality "1"]

1. d4 Nf6 2. Nf3 g6 3. e3 Bg7 4. Nbd2 0-0 5. Bd3 d6 6. e4 Nc6 7. c3 e5 8. d5 Ne7 9. 0-0 Nd7 10. Qe2 f5 11. c4 Nc5 12. Bc2 fxe4 13. Nxe4 Bg4 14. Nxc5 Bxf3 15. gxf3 dxc5 16. Bg5 h6 17. Bxe7 Qxe7 18. Be4 Rf4 19. Kh1 Raf8 20. Rg1 g5 21. Rg4 Qf6 22. Rxf4 Qxf4 23. Rg1 h5 24. Qe3 Bh6 25. Qxc5 b6 26. Qe7 Qf7 27. Qxf7+ Kxf7 28. Kg2 Kf6 29. Kf1 h4 30. Ke2 Rd8 31. Rd1 Bf8 32. Kd3 Bc5 33. Rd2 a5 34. a3 Ra8 35. Kc3 Bd4+ 36. Kd3 Rb8 37. a4 h3 38. b3 Rg8 39. Ke2 g4 40. Rd3 Rg7 41. Rd1 gxf3+ 42. Bxf3 Kf5 43. Kf1 Kf4 44. Rd3 Bc5 45. Bh1 Rh7 46. Rf3+ Kg4 47. Rg3+ Kf4 48. Ke2 e4 49. Rg6 Rh5 50. Re6 Re5 51. Rg6 Rg5 52. Rxg5 Kxg5 53. Bxe4 Bd6 0-1